An introduction to modern literary Arabic / (Record no. 117863)
[ view plain ]
| 000 -LEADER | |
|---|---|
| fixed length control field | 00417nam a2200145Ia 4500 |
| 008 - FIXED-LENGTH DATA ELEMENTS--GENERAL INFORMATION | |
| fixed length control field | 140529s9999 xx 000 0 und d |
| 050 ## - LIBRARY OF CONGRESS CALL NUMBER | |
| Classification number | PJ 6307 |
| Item number | .C6 1958 |
| 100 ## - MAIN ENTRY--PERSONAL NAME | |
| Personal name | Cowan, David. |
| 245 #3 - TITLE STATEMENT | |
| Title | An introduction to modern literary Arabic / |
| Statement of responsibility, etc | David Cohan |
| 260 ## - PUBLICATION, DISTRIBUTION, ETC. (IMPRINT) | |
| Place of publication, distribution, etc | Cambridge [Eng.] : |
| Name of publisher, distributor, etc | Cambridge University Press, |
| Date of publication, distribution, etc | c1958. |
| 300 ## - PHYSICAL DESCRIPTION | |
| Extent | 205 p. ; |
| Dimensions | 22 cm. |
| 521 ## - TARGET AUDIENCE NOTE | |
| Target audience note | |
| 942 ## - ADDED ENTRY ELEMENTS (KOHA) | |
| Call number prefix | Foreign |
| Koha item type | Books |
| Withdrawn status | Lost status | Source of classification or shelving scheme | Damaged status | Home library | Current library | Shelving location | Date acquired | Source of acquisition | Total Checkouts | Full call number | Barcode | Date last seen | Price effective from | Koha item type |
|---|---|---|---|---|---|---|---|---|---|---|---|---|---|---|
| Library of Congress Classification | Archives | Archives | 05/30/2014 | Donation | PJ 6307 .C6 1958 | C2110 | 05/15/2018 | 05/30/2014 | Books |